| 000 | 00710 a2200205 4500 | ||
|---|---|---|---|
| 020 | _a0-486-44529-1 | ||
| 020 | _a9780486445298 | ||
| 028 | 4 | 2 | _bDover Publications |
| 082 | _a512.55 | ||
| 090 |
_c1500 _d1500 |
||
| 100 | 1 | _aGilmore, Robert. | |
| 245 | 1 | 0 |
_aLie groups, lie algebras, and some of their applications / _cRobert Gilmore, Mathematics. |
| 260 |
_a[S.l.] : _bDover Publications, _c2006. |
||
| 300 |
_a608 p. ; _c22 cm. |
||
| 490 | 1 | _aDover books on mathematics. | |
| 700 | 1 | _aMathematics. | |
| 830 | 0 | _aDover books on mathematics. | |
| 942 |
_aSNS _cBK _k512.55 GIL |
||
| 999 |
_c30111 _d30111 |
||